stranger - Olivia Rodrigo (All Lyrics) - Statistics

General Stats
  • This quiz has been taken 617 times
  • The average score is 312 of 394
Answer Stats
stranger % Correct
Chorus | Verse 1 I
100%
a
99%
you
96%
You
96%
and
94%
And
94%
so
93%
the
93%
The
93%
ever
92%
in
91%
me
91%
my
91%
that
91%
this
90%
up
90%
feel
89%
no
89%
woke
89%
know
88%
mornin'
88%
stranger
88%
had
87%
it
87%
of
87%
to
87%
your
87%
just
86%
all
85%
bed
85%
now
85%
You're
85%
you're
85%
about
83%
everything
83%
for
82%
left
82%
sat
82%
straight
82%
But
81%
but
81%
nice
81%
felt
80%
myself
80%
was
80%
feeling
79%
without
79%
can't
78%
half
78%
I'm
78%
chest
76%
complete
76%
day
75%
do
75%
hope
75%
strangest
75%
mad
74%
time
74%
out
73%
some
73%
cried
72%
million
72%
since
72%
weight
72%
what
71%
did
70%
even
70%
happen
70%
happen?
70%
made
70%
Verse 2 Made
70%
off
70%
thing
70%
go
69%
love
69%
rivers
69%
would
69%
lose
68%
Chorus Cause
67%
hadn't
67%
hopeful
67%
over
67%
remember
67%
sleep
67%
ya
67%
coffee
66%
that's
66%
cup
65%
guy
65%
told
64%
always
63%
not
63%
Oh
62%
burn
61%
everybody
61%
fire
61%
imagine
61%
poured
61%
storm
61%
though
59%
doing
58%
feels
58%
happy
58%
How
58%
lie
57%
really
57%
stuff
57%
am
56%
pot
56%
win
55%
babe
54%
try
54%
because
53%
comforting
53%
things
53%
subside
52%
thought
52%
I'll
51%
believed
50%
if
50%
life
50%
best
49%
girl
49%
nothin'
49%
Bridge There's
49%
are
48%
far
48%
Chorus Yeah
48%
enough
47%
think
47%
end
46%
God
46%
keep
46%
stay
46%
'til
45%
knows
44%
Like
44%
doesn't
41%
anymore
40%
get
40%
matter
40%
whole
38%
screamed
37%
mean
35%
fought
33%
loved
33%
battles
32%
sing
30%
clouds'd
15%
No matching quizzes found
Score Distribution
Percent of People with Each Score
Percentile by Number Answered
Your Score History
You have not taken this quiz